[Event "SVK-chT3A2 0910"]
[Site "Slovakia"]
[Date "2009.12.20"]
[Round "8.7"]
[White "Hornacek, Vendelin"]
[Black "Kubik, Peter"]
[Result "1-0"]
[WhiteElo "1622"]
[BlackElo "1583"]
[PlyCount "103"]
[EventDate "2009.10.18"]
[EventType "team-tourn"]
[EventRounds "11"]
[EventCountry "SVK"]
[SourceTitle "EXT 2011"]
[Source "ChessBase"]
[SourceDate "2010.11.26"]
[SourceVersion "1"]
[SourceVersionDate "2010.11.26"]
[SourceQuality "1"]
[WhiteTeam "Skalica II"]
[BlackTeam "Skalica"]
[WhiteTeamCountry "SVK"]
[BlackTeamCountry "SVK"]

1. e4 e5 2. Nf3 Nc6 3. Bc4 Nf6 4. Nc3 Be7 5. 0-0 d6 6. h3 0-0 7. d3 Na5 8. Bb3 c6 9. Ne2 b5 10. c3 Nxb3 11. Qxb3 Be6 12. Qc2 Nh5 13. d4 f5 14. dxe5 fxe4 15. Qxe4 d5 16. Qe3 Qe8 17. Ned4 Bc5 18. Qd3 Nf4 19. Bxf4 Rxf4 20. Ng5 Bf5 21. Nxf5 Qxe5 22. Ne7+ Kf8 23. Nxc6 Qxg5 24. Qxh7 Rh4 25. Qd3 Kf7 26. Rae1 Kg8 27. Ne5 Rf8 28. Qxd5+ Kh7 29. Qxc5 Rf6 30. Qe3 Rhf4 31. Qd3+ R4f5 32. Ng4 Rg6 33. Qe3 Qd8 34. Qxa7 Qd2 35. Qe7 Rfg5 36. Qe2 Qd5 37. Rd1 Qxa2 38. Rd8 Re6 39. Qd3+ Reg6 40. Qd7 Qe6 41. Qxe6 Rxe6 42. Rfd1 Re2 43. R8d2 Re4 44. Rd7 Re2 45. R1d2 Re1+ 46. Kh2 Rf5 47. R7d5 Rf4 48. Kg3 Rf8 49. Rxb5 Rc1 50. Rd7 Kh8 51. Rbb7 Rg8 52. Nh6 1-0

[Event "SVK-chT3A2 0910"]
[Site "Slovakia"]
[Date "2009.11.21"]
[Round "4.8"]
[White "Hornacek, Vendelin"]
[Black "Gasa, Patrik"]
[Result "0-1"]
[WhiteElo "1622"]
[BlackElo "1465"]
[PlyCount "40"]
[EventDate "2009.10.18"]
[EventType "team-tourn"]
[EventRounds "11"]
[EventCountry "SVK"]
[SourceTitle "EXT 2011"]
[Source "ChessBase"]
[SourceDate "2010.11.26"]
[SourceVersion "1"]
[SourceVersionDate "2010.11.26"]
[SourceQuality "1"]
[WhiteTeam "Skalica II"]
[BlackTeam "Senica"]
[WhiteTeamCountry "SVK"]
[BlackTeamCountry "SVK"]

1. e4 c5 2. Nf3 Nc6 3. Nc3 d6 4. Bb5 Bd7 5. 0-0 a6 6. Be2 g6 7. d4 cxd4 8. Nxd4 Bg7 9. Be3 Nf6 10. Nxc6 Bxc6 11. Bd3 0-0 12. Qd2 Re8 13. Bh6 Qc7 14. Bxg7 Kxg7 15. Rae1 Rad8 16. b3 b5 17. Re2 d5 18. e5 Ne4 19. f4 Nxd2 20. Rxd2 Qa5 0-1